|
|
|
|
| LEADER |
00000nam0a2200000 4500 |
| 001 |
349908 |
| 005 |
20231102010241.0 |
| 020 |
|
|
|a RU
|b 85-6801
|
| 035 |
|
|
|a (RuTPU)RU\TPU\retro\3063
|
| 090 |
|
|
|a 349908
|
| 100 |
|
|
|a 20180926d1984 m y0rusy5003 ca
|
| 101 |
0 |
|
|a rus
|
| 102 |
|
|
|a RU
|
| 105 |
|
|
|a a j 000zy
|
| 200 |
1 |
|
|a Сборник заданий по черчению
|e учебное пособие
|f Р. С. Миронова, Б. Г. Миронов
|
| 210 |
|
|
|a Москва
|c Высшая школа
|d 1984
|
| 215 |
|
|
|a 264 с.
|c ил.
|d 23 см
|
| 606 |
1 |
|
|a Техническое черчение
|2 stltpush
|3 (RuTPU)RU\TPU\subj\60140
|9 77629
|
| 610 |
1 |
|
|a учебные пособия
|
| 610 |
1 |
|
|a учебные практикумы
|
| 610 |
1 |
|
|a деталирование
|
| 610 |
1 |
|
|a чертежи
|
| 610 |
1 |
|
|a начертательная геометрия
|
| 610 |
1 |
|
|a проекционное черчение
|
| 610 |
1 |
|
|a модели
|
| 675 |
|
|
|a 744(076.5)
|z rus
|v 3
|
| 700 |
|
1 |
|a Миронова
|b Р. С.
|g Роза Семеновна
|4 070
|
| 701 |
|
1 |
|a Миронов
|b Б. Г.
|g Борис Григорьевич
|4 070
|
| 801 |
|
0 |
|a RU
|b RuMRKP
|c 19950704
|g psbo
|
| 801 |
|
1 |
|a RU
|b 63413507
|c 20180926
|
| 801 |
|
2 |
|a RU
|b 63413507
|c 20180926
|g RCR
|
| 942 |
|
|
|c BK
|